| 000 | 00826nam a22002417a 4500 | ||
|---|---|---|---|
| 005 | 20210325205407.0 | ||
| 008 | s2011 eng d | ||
| 020 | _a9789814324748 | ||
| 041 | _aeng | ||
| 050 | _aHC427.95 C44 2011 | ||
| 100 | 0 | _aYu, Hong, ed. | |
| 245 | 1 | 0 | _aChina's industrial development in the 21st century |
| 260 | 3 |
_aSingapore : _bWorld Scientific, _c2011 |
|
| 300 |
_a256 p. : _b graph, tables ; _c 23 cm. |
||
| 650 | 0 | 4 | _aChina -- Economic conditions -- 2000-- |
| 650 | 0 | 4 | _aIndustrial policy -- China |
| 650 | 0 | 4 | _aIndustries -- China -- 21th century |
| 850 | _aNALT | ||
| 942 | _cGB | ||
| 997 | _a9196 | ||
| 997 | _c000000000063427 | ||
| 998 | _aนางสาวเบญจลักษณ์ สุทธิวิไล | ||
| 999 |
_c63427 _d63427 |
||